| 000 | 00570nam a2200217Ia 4500 | ||
|---|---|---|---|
| 005 | 20241129115829.0 | ||
| 008 | 241129s9999||||xx |||||||||||||| ||und|| | ||
| 020 | _a9789385539947 | ||
| 037 | _aTB | ||
| 040 |
_aSDCL _beng _cSDCL |
||
| 041 |
_ahin _2hin |
||
| 084 |
_aO152,1K60x, R1 _qSDCL |
||
| 100 |
_aMishra Pankaj Kumar _9183082 |
||
| 245 | 0 | _aMandan - Granthawali | |
| 260 |
_aNew Delhi _bVidyanidhi _c2021 |
||
| 300 | _aviii,584p | ||
| 365 |
_aINR _b1895 |
||
| 650 | _aSanskrit | ||
| 942 |
_cTB _hO152,1K60x, R1 |
||
| 999 |
_c1232200 _d1232200 |
||